Valerie Amy Winehouse (All Lyrics) - Statistics

General Stats
  • This quiz has been taken 569 times
    558 since last reset
  • The average score is 234 of 271
Answer Stats
lyric % Correct
you
100%
a
99%
I
99%
the
99%
And
98%
come
98%
Valerie?
98%
Valerie
98%
Why
98%
don't
96%
go
96%
my
96%
on
96%
out
96%
over?
96%
over,
96%
by
95%
of
95%
what
95%
your
94%
me
93%
myself
93%
sometimes
93%
water
93%
to
92%
across
91%
look
91%
think
91%
Well,
91%
hair
89%
fool
88%
like
88%
way
88%
ginger
87%
head
87%
making
87%
miss
87%
picture
87%
Stop
87%
all
86%
dress
86%
In
85%
mess
84%
been
83%
paint
83%
things
83%
home
82%
Since
80%
body's
78%
doing
78%
you're
75%
you''re
75%
won't
73%
I've
72%
Did
70%
for
69%
get
69%
lawyer?
69%
have
68%
good
67%
Jail?
64%
Are
60%
are
60%
it
59%
that
59%
That
59%
time?
59%
house
58%
color
55%
fine
55%
pay
55%
Put
55%
busy?
54%
sale?
54%
Change
53%
man
53%
fix
51%
hope
51%
Hope
51%
Oh,
51%
right
51%
up
50%
find
48%
still
46%
anywhere?
45%
shopping
43%
Who'll
43%
catch
42%
didn't
41%
were
40%
dodging
33%
tan,
32%
dizzy?
29%
No matching quizzes found
Score Distribution
Percent of People with Each Score
Percentile by Number Answered
Your Score History
You have not taken this quiz since the last reset